000 00961nam a2200229Ia 4500
999 _c39294
_d39294
001 5880
003 GE_BSU
005 20191029120657.0
008 181216s1992||||ge |||||||||||||| ||geo||
020 _a5529006124
040 _cGE_BSU
041 _ageo
080 _a94(479.223)+908(479.223) დ-14
100 _aდავითაძე, ემენ
_93500
245 _aსოფლის აღმაშენებელი :
_bწ. 2. ანდერძი აღსრულებული და ანდერძი აღსასრულებელი /
_cრედ. ნ. თეთრაძე.
264 _aთბილისი :
_bსაბჭ. საქართველო,
_c1992.
300 _a256 გვ. ;
_b21 სმ.
653 _a აჭარის ისტორია;
653 _aაჭარის სოფლები;
700 _aთეთრაძე, ნ.
_eრედაქტორი
_95067
942 _cBK
_2udc